The mysteries of God. (Record no. 3384)

000 -LEADER
fixed length control field 00550nam a2200181 a 4500
001 - CONTROL NUMBER
control field :::00001114$&:&@@
003 - CONTROL NUMBER IDENTIFIER
control field OkBaRHE
005 - DATE AND TIME OF LATEST TRANSACTION
control field 20000607103241.0
008 - FIXED-LENGTH DATA ELEMENTS--GENERAL INFORMATION
fixed length control field s1946 j 000 0 eng u
040 ## - CATALOGING SOURCE
Transcribing agency
100 1# - MAIN ENTRY--PERSONAL NAME
Personal name Ironside, H. A. (Henry Allan), 1876-1951.
245 14 - TITLE STATEMENT
Title The mysteries of God.
260 ## - PUBLICATION, DISTRIBUTION, ETC. (IMPRINT)
Place of publication, distribution, etc New York, NY., :
Name of publisher, distributor, etc Loizeaux Brothers
Date of publication, distribution, etc 1946
300 ## - PHYSICAL DESCRIPTION
Extent 124 p. ;
Dimensions 19 cm.
650 ## - SUBJECT ADDED ENTRY--TOPICAL TERM
Topical term or geographic name as entry element Bible
General subdivision Theology
942 ## - ADDED ENTRY ELEMENTS (KOHA)
Source of classification or shelving scheme
Koha item type Books
Copies
Lost status Withdrawn status Date last seen Permanent Location Copy number Not for loan Barcode Damaged status Source of classification or shelving scheme Price effective from Shelving location Date acquired Full call number Koha item type
  2018-02-16RHEMA Bible Training College1 1114  2010-04-14General Stacks2010-04-14BS 543 .I755Books